Campionato di calcio di San Marino - Statistics

Statistiche generali
  • Questo quiz è stato fatto 133 volte
    105 dall'ultimo reset
  • Il punteggio medio è 19 su 36
Statistiche sulle risposte
Hint Risposta % Corretto
2012 Tre Penne
82%
2013 Tre Penne
82%
2016 Tre Penne
82%
2019 Tre Penne
82%
1987 La Fiorita
72%
1990 La Fiorita
72%
2014 La Fiorita
72%
2017 La Fiorita
72%
2018 La Fiorita
72%
1988 Tre Fiori
71%
1993 Tre Fiori
71%
1994 Tre Fiori
71%
1995 Tre Fiori
71%
2009 Tre Fiori
71%
2010 Tre Fiori
71%
2011 Tre Fiori
71%
2020 Tre Fiori
71%
1989 Domagnano
37%
2002 Domagnano
37%
2003 Domagnano
37%
2005 Domagnano
37%
1986 Faetano
36%
1991 Faetano
36%
1999 Faetano
36%
2001 Cosmos
35%
2006 Murata
34%
2007 Murata
34%
2008 Murata
34%
2004 Pennarossa
31%
1996 Libertas
29%
1992 Fiorentino
27%
1997 Folgore Falciano
24%
1998 Folgore Falciano
24%
2000 Folgore Falciano
24%
2015 Folgore Falciano
24%
2021 Folgore Falciano
24%
Nessun quiz corrispondente trovato
Distribuzione punteggi
Percentuale di utenti per punteggio
Percentile per numero di risposta
I tuoi punteggi nel tempo
Non hai fatto questo quiz dall'ultimo reset